[Event "HUN-chT29899"]
[Site "HUN"]
[Date "1998.??.??"]
[Round "?"]
[White "Papp, Zsolt"]
[Black "Francsics, Endre"]
[Result "0-1"]
[WhiteElo "2115"]
[BlackElo "2245"]

1.d4 d6 2.Nf3 g6 3.g3 Bg7 4.Bg2 Nf6 5.c4 O-O 6.O-O Nbd7 7.Nc3 e5 8.e4 a6
9.Re1 c6 10.h3 b5 11.cxb5 axb5 12.dxe5 dxe5 13.b4 Qe7 14.Rb1 Nb6 15.Be3 Nfd7
16.Nd2 Rd8 17.Qc2 Bb7 18.Bf1 Na4 19.a3 Nf8 20.Nxa4 Rxa4 21.Nc4 Ne6 22.Red1 Nd4
23.Bxd4 exd4 24.Na5 Rc8 25.Rb3 Ba6 26.Rc1 c5 27.Rf3 Bh6 28.Rd1 cxb4 29.Qxa4 bxa4
30.Bxa6 Rc1 31.Rxc1 Bxc1 32.Bc4 bxa3 33.Bd5 Qc5 34.Nc6 a2 35.Ne5 Qxd5  0-1

[Event "HUN-chT29899"]
[Site "HUN"]
[Date "1998.??.??"]
[Round "?"]
[White "Papp, Zsolt"]
[Black "Antal, Sebestyen Jr"]
[Result "0-1"]
[WhiteElo "2115"]
[BlackElo "2330"]

1.d4 Nf6 2.c4 g6 3.Nf3 Bg7 4.g3 d6 5.Bg2 O-O 6.O-O c5 7.d5 b5 8.cxb5 a6 9.bxa6 Bxa6
10.Nc3 Nbd7 11.Rb1 Qa5 12.Bd2 Rfb8 13.Qc2 Nb6 14.b3 Qb4 15.Rfe1 c4 16.e4 cxb3
17.Rxb3 Qc5 18.Be3 Qc7 19.Bxb6 Rxb6 20.Rxb6 Qxb6 21.Qb3 Qc5 22.Na4 Qa5 23.Nc3 Ng4
24.Ne2 Qc5 25.Nf4 Bc4 26.Nd3 Bxd3 27.Qxd3 Qxf2+ 28.Kh1 Qxe1+ 29.Nxe1 Nf2+
30.Kg1 Nxd3 31.Nxd3 Bd4+ 32.Kf1 Rxa2 33.h3 Rd2 34.Nf4 Rf2+  0-1

[Event "HUN-chT2 9798"]
[Site "HUN"]
[Date "1998.??.??"]
[Round "?"]
[White "Molnar, Laszlo"]
[Black "Szittar, Antal"]
[Result "0-1"]
[WhiteElo "2220"]
[BlackElo "2170"]

1.d4 Nf6 2.c4 g6 3.Nf3 Bg7 4.g3 O-O 5.Bg2 d6 6.O-O Nc6 7.Nc3 Bf5 8.b3 e5
9.e3 Qc8 10.Bb2 Bg4 11.Qd2 a6 12.Nd5 Re8 13.Rac1 e4 14.Ne1 Qd7 15.Qc2 Bf5
16.Nxf6+ Bxf6 17.d5 Ne5 18.Kh1 Ng4 19.h3 Bxb2 20.Qxb2 Ne5 21.g4 Bxg4 22.hxg4 Qxg4
23.f3 exf3 24.Bxf3 Nxf3 25.Rxf3 Re5 26.Qg2 Rh5+ 27.Kg1 Qh4 28.Rg3 Re8 29.Nf3 Qe4
30.Nd4 Qd3 31.Qc2 Qxc2 32.Rxc2 Re4 33.Rh2 Rhe5 34.Kf2 h5 35.Nf3 Rf5 36.Ke2 Kg7
37.Rg5 Rxg5 38.Nxg5 Rg4 39.Nf3 f5 40.Nd4 Kf6 41.Ne6 c6 42.dxc6 bxc6 43.Nf4 h4
44.Kf2 g5 45.Ne2 Re4 46.Rh1 Re8 47.Nd4 Rc8 48.Nf3 Rh8 49.Rd1 Rd8 50.Rg1 d5
51.c5 d4 52.Rxg5 dxe3+ 53.Kxe3 Rd5 54.Rh5 f4+ 55.Kxf4 Rxh5 56.b4 h3 57.Nh2 Rh4+
58.Kg3 Rxb4 59.Kxh3 Ra4 60.Nf3 Ke6  0-1

[Event "HUN-chT9899"]
[Site "HUN"]
[Date "1998.??.??"]
[Round "?"]
[White "Csom, Istvan"]
[Black "Kozma, Karoly"]
[Result "1-0"]
[WhiteElo "2475"]
[BlackElo "2270"]

1.c4 Nf6 2.Nf3 g6 3.d4 Bg7 4.g3 O-O 5.Bg2 d6 6.Nc3 Nc6 7.O-O Bg4 8.d5 Na5
9.Nd2 c5 10.h3 Bd7 11.e4 a6 12.Qe2 Qc8 13.Kh2 b5 14.f4 Nxc4 15.Nxc4 bxc4
16.Re1 Ne8 17.Qxc4 Nc7 18.e5 Rb8 19.b3 Nb5 20.Bb2 Nd4 21.Rac1 Rb4 22.Qf1 dxe5
23.fxe5 Qb8 24.d6 exd6 25.Nd5 Bb5 26.Qf2 dxe5 27.Rxc5 a5 28.Nf6+ Kh8 29.Rcxe5 Ne6
30.Nd5 Ba6 31.Nxb4 axb4 32.Rd5 Bxb2 33.Qxb2+ Kg8 34.Qd2 Rc8 35.Re4 Rc3 36.Rd6 Qc7
37.Rexe6  1-0

[Event "HUN-chT9899"]
[Site "HUN"]
[Date "1998.??.??"]
[Round "?"]
[White "Schneider, Attila"]
[Black "Petran, Pal"]
[Result "1/2-1/2"]
[WhiteElo "2375"]
[BlackElo "2395"]

1.Nf3 Nf6 2.c4 d6 3.d4 g6 4.g3 Bg7 5.Bg2 O-O 6.O-O c6 7.Nc3 Bg4 8.h3 Bxf3
9.Bxf3 Nbd7 10.e4 e5 11.d5 c5 12.Kg2 Ne8 13.h4 h5 14.Bg5 Bf6 15.Bh6 Bg7 16.Bg5 Bf6  1/2-1/2

[Event "HUN-chT9899"]
[Site "HUN"]
[Date "1998.??.??"]
[Round "?"]
[White "Kiss, Attila"]
[Black "Zimmerman, Yuri"]
[Result "1-0"]
[WhiteElo "2340"]
[BlackElo "2340"]

1.d4 Nf6 2.c4 g6 3.Nf3 Bg7 4.g3 O-O 5.Bg2 d6 6.O-O Nc6 7.Nc3 a6 8.Bd2 e5
9.dxe5 dxe5 10.Bg5 Be6 11.Qa4 h6 12.Rad1 Qe7 13.Nd5 Bxd5 14.Bxf6 Bxf6 15.cxd5 Nd4
16.Nxd4 exd4 17.Bf3 Be5 18.Rd3 f5 19.Qb3 Qd6 20.Rc1 Kh8 21.Qxb7 Rab8 22.Qc6 Rxb2
23.Qa4 Rb6 24.Rb3 f4 25.g4 h5 26.h3 hxg4 27.hxg4 Kg7 28.Rxb6 Qxb6 29.Qd7+ Rf7
30.Qe8 Bd6 31.Kg2 Re7 32.Qc8 Qb5 33.g5 Re8 34.Qh3 Rh8 35.Qe6 Rf8 36.Rc6 Qb8
37.Qh3 Rh8 38.Qd7+ Kg8 39.Qe6+ Kf8 40.Qf6+ Kg8 41.Qxg6+ Kf8 42.Qf6+ Kg8 43.Qg6+ Kf8
44.Bh5  1-0

[Event "HUN-chT 9798"]
[Site "Hungary"]
[Date "1998.??.??"]
[Round "?"]
[White "Prokopisin, Vasily"]
[Black "Tenyi, Jozsef"]
[Result "1-0"]
[WhiteElo "2330"]
[BlackElo "2185"]

1.d4 Nf6 2.Nf3 g6 3.c4 Bg7 4.g3 d6 5.Bg2 O-O 6.O-O Nc6 7.Nc3 a6 8.h3 Rb8
9.e4 b5 10.cxb5 axb5 11.d5 Na5 12.Nd4 Bd7 13.Kh2 b4 14.Nce2 c5 15.dxc6 Nxc6
16.Nxc6 Bxc6 17.e5 Bxg2 18.exf6 Bxf1 19.fxg7 Kxg7 20.Qxf1 Qc7 21.Qe1 e5 22.h4 f5
23.Bd2 Qb7 24.Rc1 Qe4 25.Rc7+ Rf7 26.Bh6+ Kf6 27.Qd2 Rb6 28.Rc8 Ke6 29.Ng1 Kd7
30.Rc1 Rc6 31.Rd1 Ke6 32.Nh3 Ke7 33.Ng5 Qc4 34.Nxf7 Kxf7 35.Rc1 Qxc1 36.Qxc1 Rxc1
37.Bxc1 Ke6 38.Bd2  1-0

[Event "HUN-chT 9798"]
[Site "Hungary"]
[Date "1998.??.??"]
[Round "?"]
[White "Prokopisin, Vasily"]
[Black "Kerek, Csaba"]
[Result "1-0"]
[WhiteElo "2330"]
[BlackElo "2200"]

1.d4 Nf6 2.Nf3 g6 3.c4 Bg7 4.g3 O-O 5.Bg2 d6 6.Nc3 c5 7.O-O Nc6 8.dxc5 dxc5
9.Bf4 Be6 10.Ne5 Rc8 11.Nxc6 bxc6 12.b3 Nh5 13.Bd2 f5 14.Qc1 Qc7 15.Bf3 Bf7
16.Bxh5 gxh5 17.Bh6 Bxh6 18.Qxh6 Kh8 19.Qe3 Rg8 20.f4 h4 21.Kf2 Rg4 22.Rg1 Rcg8
23.Rad1 h5 24.Na4 R8g6 25.Nxc5 hxg3+ 26.hxg3 h4 27.Rd7 hxg3+ 28.Kf3 Qb8 29.Rxe7 g2
30.Qe5+ Qxe5 31.Rxe5 Kg7 32.Rxf5  1-0

[Event "HUN-chT 9798"]
[Site "Hungary"]
[Date "1998.??.??"]
[Round "?"]
[White "Husek, Zdenek"]
[Black "Murin, Janos"]
[Result "0-1"]
[WhiteElo "2240"]
[BlackElo "2250"]

1.d4 Nf6 2.c4 g6 3.Nf3 Bg7 4.g3 O-O 5.Bg2 d6 6.O-O Nbd7 7.Nc3 e5 8.h3 Re8
9.Bg5 h6 10.Be3 c6 11.dxe5 dxe5 12.Qd2 Kh7 13.Rfd1 Qe7 14.Rac1 Bf8 15.b3 Nc5
16.Qb2 a5 17.a3 Na6 18.c5 Nc7 19.Nd2 Ncd5 20.Nc4 Nxe3 21.Nxe3 Be6 22.Na4 Qc7
23.Nb6 Ra6 24.Na4 Nd7 25.Qc3 Raa8 26.Rd2 Kg8 27.Rcd1 h5 28.Rd3 Be7 29.Nc2 Red8
30.Ne3 Re8 31.Nc2 Ra6 32.e4 Nf8 33.Ne3 Nd7 34.Kh2 h4 35.Qc2 Rd8 36.Bf1 Raa8
37.R3d2 Kg7 38.Qc3 hxg3+ 39.fxg3 Rh8 40.Nd5 cxd5 41.exd5 Bg4 42.d6 Bxd6 43.Rxd6 Bxd1
44.Rxd1 Nf6 45.Rd6 Qe7 46.Nb6 Ne4 47.Qf3 Nxd6 48.Nd5 Qe6 49.cxd6 Rad8  0-1

[Event "HUN-chT 9798"]
[Site "Hungary"]
[Date "1998.??.??"]
[Round "?"]
[White "Izsak, Gyula"]
[Black "Sax, Gyula"]
[Result "1/2-1/2"]
[WhiteElo "2400"]
[BlackElo "2545"]

1.Nf3 Nf6 2.d4 g6 3.g3 Bg7 4.Bg2 O-O 5.c4 d6 6.Nc3 Nc6 7.O-O Rb8 8.a3 Na5
9.b3 a6 10.Bb2 b5 11.cxb5 axb5 12.Nd2 Be6 13.Qc2 Qd7 14.d5 Bh3  1/2-1/2

[Event "HUN-chT 9798"]
[Site "Hungary"]
[Date "1998.??.??"]
[Round "?"]
[White "Ruck, Robert"]
[Black "Barbero, Gerardo F"]
[Result "1/2-1/2"]
[WhiteElo "2450"]
[BlackElo "2435"]

1.d4 Nf6 2.c4 g6 3.Nf3 Bg7 4.g3 O-O 5.Bg2 d6 6.O-O Nbd7 7.Nc3 e5 8.h3 Re8
9.e4 exd4 10.Nxd4 Nc5 11.Re1 Bd7 12.Bf4 Qc8 13.Kh2 h6 14.Qc2 a5 15.Rad1 a4
16.b4 axb3 17.axb3 Ne6 18.Nxe6 Bxe6 19.Nd5 Nd7 20.b4 Ra6 21.Bd2 c6 22.Ne3 Qa8
23.f4 Ra2 24.Qd3 Nf6 25.Bc3 Ra3 26.Rc1 Bc8 27.Qb1 Qa7 28.c5 dxc5 29.bxc5 Rxc3
30.Rxc3 Ng4+ 31.Nxg4 Bxc3 32.Rc1 Bd4 33.Qb4 Bg7 34.e5 Rd8 35.Nf2 Qa2 36.Ne4 Rd3
37.Qc4 Qe2 38.Rc2 Qe3 39.Rc3 Rxc3  1/2-1/2

[Event "Heart of Finland op"]
[Site "Jyvaskyla"]
[Date "1998.??.??"]
[Round "?"]
[White "Solozhenkin, Evgeniy"]
[Black "Nouro, Mikael"]
[Result "1/2-1/2"]
[WhiteElo "2500"]
[BlackElo "2320"]

1.d4 Nf6 2.c4 d6 3.Nf3 g6 4.g3 Bg7 5.Bg2 O-O 6.O-O c6 7.Nc3 Bf5 8.Nh4 Be6
9.d5 cxd5 10.cxd5 Bd7 11.h3 b5 12.a3 Na6 13.Be3 Qc8 14.Kh2 Qb7 15.Bd4 b4
16.axb4 Nxb4 17.e4 Rfc8 18.f4 Rc4 19.e5 Nfxd5 20.b3 Rcc8 21.Nxd5 Nxd5 22.e6 Bc6
23.exf7+ Kxf7 24.f5 Nf6 25.fxg6+ hxg6 26.Qc2 Bxg2 27.Qxg6+ Kg8 28.Nf5 e5
29.Nh6+ Kh8 30.Rxf6 Be4 31.Nf7+ Kg8 32.Nh6+ Kh8 33.Nf7+ Kg8 34.Nh6+ Kh8  1/2-1/2

[Event "Karvina op"]
[Site "Karvina"]
[Date "1998.??.??"]
[Round "?"]
[White "Jaworski, Miroslaw"]
[Black "Piza, Vlastimil"]
[Result "1-0"]
[WhiteElo "2395"]
[BlackElo "2295"]

1.d4 Nf6 2.Nf3 g6 3.c4 Bg7 4.g3 O-O 5.Bg2 d6 6.O-O Nbd7 7.Nc3 e5 8.e4 exd4
9.Nxd4 Re8 10.h3 Nc5 11.Re1 a5 12.b3 h6 13.Rb1 a4 14.b4 Ne6 15.Nf3 Ng4 16.Nd5 Ne5
17.Nxe5 dxe5 18.c5 Nd4 19.Be3 Be6 20.Qd2 Bxh3 21.Bxh6 c6 22.Nb6 Qf6 23.Qd1 Bxh6
24.Bxh3 Nf3+ 25.Kf1 Rad8 26.Nd7 Rxd7 27.Bxd7 Rd8 28.Re2 Nd4 29.Bg4 Nxe2 30.Qxe2 Rd2
31.Qe1 Rxa2 32.Ra1 Rxa1 33.Qxa1 Qg5 34.Bd1 Qd2 35.Qxa4 Qd3+ 36.Kg2 Qxe4+
37.Bf3 Qe1 38.b5 Qc3 39.bxc6 bxc6 40.Qxc6 Bf8 41.Bd5 Qd3 42.Qb7 Be7 43.Qd7 Kf8
44.c6 Qb5 45.Bc4  1-0

[Event "Independence Cup op"]
[Site "Kiev"]
[Date "1998.??.??"]
[Round "7"]
[White "Nikolaev, Leonid"]
[Black "Kernazhitsky, Leonid"]
[Result "1/2-1/2"]
[WhiteElo "2280"]
[BlackElo "2355"]

1.Nf3 Nf6 2.c4 g6 3.g3 Bg7 4.Bg2 d6 5.d4 O-O 6.O-O c6 7.Nc3 Bf5 8.b3 Ne4
9.Bb2 Nxc3 10.Bxc3 Be4 11.Qd2 e6 12.Bh3 Bxf3 13.exf3 Qf6 14.f4 c5 15.Rad1 Nc6
16.d5 Qxc3 17.Qxc3 Bxc3 18.dxc6 bxc6 19.Rxd6 Rad8 20.Rxc6 Rd2 21.Rxc5 Rfd8
22.Rc7 Rxa2 23.c5 Rdd2 24.c6 Bd4 25.Rd7 Rac2 26.c7 Kg7 27.Bxe6 Bxf2+ 28.Rxf2 Rxf2
29.Rxf7+ Kh6  1/2-1/2

[Event "Klatovy op-A"]
[Site "Klatovy"]
[Date "1998.??.??"]
[Round "?"]
[White "Kubikova, Hana"]
[Black "Muk, I."]
[Result "1-0"]
[WhiteElo "2145"]
[BlackElo "1885"]

1.d4 Nf6 2.Nf3 d6 3.c4 g6 4.g3 Bg7 5.Bg2 O-O 6.O-O Nbd7 7.Nc3 Re8 8.e4 e5
9.h3 c6 10.Re1 Qc7 11.Rb1 b6 12.Be3 Bb7 13.Rc1 Rad8 14.Qc2 Rc8 15.Red1 Nf8
16.Rd2 Ne6 17.d5 cxd5 18.cxd5 Nc5 19.b4 Na6 20.Qb1 Qd7 21.Bf1 Nc7 22.Rdc2 Rf8
23.Kh2 Nh5 24.a4 f5 25.Nb5 Nxb5 26.Bxb5 Qe7 27.Rxc8 Bxc8 28.Qc2 f4 29.gxf4 Nxf4
30.Bxf4 Rxf4 31.Qxc8+ Rf8 32.Qg4 Rf4 33.Qe6+ Qxe6 34.dxe6 Kf8 35.Rc8+ Ke7
36.Rc7+  1-0

[Event "Klatovy op-A"]
[Site "Klatovy"]
[Date "1998.??.??"]
[Round "?"]
[White "Cech, Pavel"]
[Black "Most, Zdenek"]
[Result "1-0"]
[WhiteElo "2330"]
[BlackElo "2130"]

1.d4 g6 2.c4 d6 3.Nf3 Bg7 4.g3 Nf6 5.Bg2 O-O 6.O-O Nbd7 7.Nc3 c6 8.e4 e5
9.h3 Re8 10.d5 c5 11.Ne1 a6 12.Nd3 Rb8 13.a3 Rf8 14.Be3 Ne8 15.Qd2 Nb6 16.b3 f5
17.Rae1 Nf6 18.Bg5 fxe4 19.Bxf6 Bxf6 20.Nxe4 Bg7 21.f4 Bh6 22.Qa5 exf4 23.Nxf4 Bxf4
24.Rxf4 Rxf4 25.gxf4 Bf5 26.Ng5 Nd7 27.Qxd8+ Rxd8 28.Re7 h6 29.Ne6 Bxe6 30.dxe6 Nf6
31.Rxb7 Re8 32.Bd5 Nh5 33.e7+  1-0

[Event "Russia-chB (Women)"]
[Site "Kolontaevo"]
[Date "1998.??.??"]
[Round "?"]
[White "Konopelchenkova, Tatjana"]
[Black "Matvienko, Larisa"]
[Result "0-1"]
[WhiteElo "2165"]
[BlackElo "2195"]

1.d4 Nf6 2.Nf3 g6 3.g3 Bg7 4.Bg2 O-O 5.c4 d6 6.O-O c6 7.Nc3 Qa5 8.Qc2 e5
9.Rd1 Re8 10.e4 Bg4 11.Be3 exd4 12.Bxd4 Qh5 13.Qd3 Nbd7 14.Re1 Nc5 15.Bxc5 dxc5
16.Nd2 Rad8 17.Qc2 Nd7 18.f3 Bh3 19.Ne2 Bxg2 20.Kxg2 Ne5 21.Rf1 Nd3 22.Rab1 Bh6
23.Nb3 Nb4 24.Qc3 Rd3 25.g4 Rxc3 26.bxc3 Qg5 27.cxb4 f5 28.Nxc5 b6 29.Nb3 fxe4
30.fxe4 Rxe4 31.Ng3 Rxc4 32.Rbe1 Rf4 33.Rxf4 Qxf4 34.Re4 Qf6 35.Nd4 Bf8 36.Ne6 Bxb4
37.g5 Qb2+ 38.Re2 Qc1 39.Ne4 Be7 40.h4 Qd1 41.Nf4 b5 42.Kf3 a5 43.Nf2 Qd7
44.Ng4 c5 45.Nh6+ Kh8 46.Ne6 Bd6 47.Kf2 c4 48.Nd8 c3 49.Kf1 Qh3+ 50.Ke1 Bg3+  0-1

[Event "Korinthos op"]
[Site "Korinthos"]
[Date "1998.??.??"]
[Round "1"]
[White "Dgebuadze, Alexandre"]
[Black "Papadopoulou, Triantafilia"]
[Result "1-0"]
[WhiteElo "2470"]
[BlackElo "2145"]

1.d4 Nf6 2.Nf3 g6 3.c4 Bg7 4.g3 d6 5.Bg2 O-O 6.O-O a6 7.h3 Nc6 8.Be3 e5 9.Nc3 Bd7
10.Rc1 Nh5 11.Kh2 Ne7 12.dxe5 dxe5 13.Qb3 Nc6 14.Rfd1 Qc8 15.Nd5 Kh8 16.Bb6 e4
17.Ng5 cxb6 18.Nxb6 Qd8 19.Nxe4 Nd4 20.Qb4 f5 21.Nc3 a5 22.Qc5 Bc6 23.Nxa8 Bxg2
24.Kxg2 Qxa8 25.Qb6 f4 26.Rxd4 fxg3 27.fxg3 Qb8 28.Rd3 Be5 29.Rf1  1-0

[Event "MK Cafe Cup-B"]
[Site "Koszalin"]
[Date "1998.??.??"]
[Round "3"]
[White "Stempin, Pawel"]
[Black "Panas, Pawel"]
[Result "0-1"]
[WhiteElo "2405"]
[BlackElo "2175"]

1.d4 Nf6 2.Nf3 g6 3.c4 Bg7 4.g3 O-O 5.Bg2 d6 6.Nc3 Nc6 7.O-O e5 8.e4 a6 9.Re1 Rb8
10.a4 exd4 11.Nxd4 Ne5 12.b3 a5 13.Ndb5 Be6 14.Ba3 Nfd7 15.Qc2 Rc8 16.h3 Qf6
17.f4 Nc6 18.Rad1 Nc5 19.e5 Qf5 20.Qxf5 Bxf5 21.exd6 cxd6 22.Rxd6 Nxb3 23.g4 Be6
24.Nd5 Rfd8 25.Nbc7 Rxd6 26.Bxd6 Bd4+ 27.Kh1 Bc5 28.Ne8 Kh8 29.Ndf6 Rd8 30.Bc7 Rd3
31.Nd5 Nbd4 32.Nd6 Rb3 33.Ne4 Bf8 34.Ng5 h6 35.Nxe6 fxe6 36.Nb6 Bb4 37.Rd1 Re3
38.Nd7 Ne2 39.Ne5 g5 40.Nxc6 bxc6 41.fxg5 hxg5 42.Bd8 Ng3+ 43.Kh2 Ne4 44.Bxe4 Rxe4
45.Bxg5 Rxc4 46.Rd7 Bc3 47.Kg3 Be1+ 48.Kf3 Rxa4 49.Bf6+ Kg8 50.g5 Ra3+ 51.Kg4 Bc3
52.Bxc3 Rxc3 53.Ra7 Kf8 54.h4 Rc4+ 55.Kh5 a4 56.g6 a3 57.Rxa3 Rb4 58.Ra8+ Kg7
59.Ra7+ Kg8 60.Kg5 Rb5+ 61.Kh6 Rb8 62.Rg7+ Kh8 63.Rh7+ Kg8 64.g7 Kf7 65.Rh8  0-1

[Event "MK Cafe Cup-B"]
[Site "Koszalin"]
[Date "1998.??.??"]
[Round "7"]
[White "Stempin, Pawel"]
[Black "Jakubowski, Tomasz"]
[Result "1/2-1/2"]
[WhiteElo "2405"]
[BlackElo "2220"]

1.d4 Nf6 2.Nf3 g6 3.c4 Bg7 4.g3 O-O 5.Bg2 d6 6.Nc3 Nbd7 7.O-O e5 8.e4 exd4
9.Nxd4 Re8 10.h3 Nc5 11.Re1 c6 12.Qc2 d5 13.cxd5 cxd5 14.e5 Nfe4 15.Nxe4 Nxe4
16.Be3 Bxe5 17.Rad1 Bg7 18.Nb5 Bf5 19.Qc7 Bxb2 20.g4 Nc3 21.Qxd8 Raxd8 22.gxf5 Nxb5
23.Rxd5 Rxd5 24.Bxd5 gxf5 25.Kh1 Bd4 26.Rg1+ Kf8 27.Bh6+ Ke7 28.Bxb7 Bxf2
29.Rf1 Rb8 30.Ba6 Rb6 31.Bxb5 Bh4 32.Rxf5 Rxh6 33.Bc4 Bf6 34.Rf3 Rh5 35.Bb3 Rg5
36.Bc4 Rg7 37.Re3+ Kd6 38.Rf3 Ke7 39.Re3+ Kf8 40.Rf3 Be5 41.Rd3 Ke7 42.Bb5 f5  1/2-1/2

[Event "MK Cafe Cup-B"]
[Site "Koszalin"]
[Date "1998.??.??"]
[Round "9"]
[White "Stempin, Pawel"]
[Black "Semenova, Irina"]
[Result "0-1"]
[WhiteElo "2405"]
[BlackElo "2230"]

1.d4 Nf6 2.Nf3 g6 3.c4 Bg7 4.g3 O-O 5.Bg2 d6 6.Nc3 Nbd7 7.O-O e5 8.e4 exd4
9.Nxd4 Re8 10.Re1 a6 11.h3 Rb8 12.a4 Ne5 13.b3 c5 14.Nc2 Nc6 15.Rb1 Be6 16.Re3 Nd4
17.Rd3 Nd7 18.Nxd4 cxd4 19.Rxd4 Bxd4 20.Qxd4 Qf6 21.Qe3 Qe7 22.Bb2 f6 23.Kh2 Rbc8
24.Rd1 Nc5 25.Nd5 Bxd5 26.Rxd5 Rf8 27.g4 Nd7 28.Qd4 Rc6 29.f4 Nb6 30.g5 Nxd5
31.cxd5 Rc2 32.gxf6 Qc7 33.e5 dxe5 34.fxe5 Rxf6 35.Kg3 Rb6 36.b4 Qe7 37.h4 Rxb4
38.d6 Rxd4 39.dxe7 Rxg2+ 40.Kxg2 Rd2+ 41.Kf3 Kf7 42.Bc1 Rd4  0-1

[Event "RUS-Cup"]
[Site "Krasnodar"]
[Date "1998.??.??"]
[Round "3"]
[White "Kiseleva, Natalia"]
[Black "Zhukov, Vadim A"]
[Result "0-1"]
[WhiteElo "2320"]
[BlackElo "2270"]

1.d4 Nf6 2.c4 g6 3.g3 Bg7 4.Bg2 d6 5.Nf3 O-O 6.O-O Nbd7 7.Nc3 e5 8.e4 exd4
9.Nxd4 Nc5 10.h3 Re8 11.Re1 Bd7 12.Rb1 h6 13.b3 a5 14.g4 h5 15.g5 Nh7 16.f4 c6
17.Be3 Qc7 18.Qd2 Rad8 19.Red1 Bc8 20.Qf2 Re7 21.Nde2 b6 22.a3 Rde8 23.b4 axb4
24.axb4 Nd7 25.Rd3 Bf8 26.Rbd1 Re6 27.Nd4 R6e7 28.e5 dxe5 29.Nxc6 exf4 30.Bxf4 Re2  0-1

[Event "RUS-Cup"]
[Site "Krasnodar"]
[Date "1998.??.??"]
[Round "8"]
[White "Kharitonov, Andrei Y"]
[Black "Bakhtadze, Giorgi"]
[Result "1/2-1/2"]
[WhiteElo "2585"]
[BlackElo "2390"]

1.d4 Nf6 2.Nf3 g6 3.c4 Bg7 4.g3 O-O 5.Bg2 d6 6.O-O Nc6 7.Nc3 e5 8.d5 Ne7
9.e4 Kh8 10.Ne1 Nfg8 11.Nd3 f5 12.f4 exf4 13.Bxf4 fxe4 14.Nxe4 h6 15.Qe2 Nf5
16.Rae1 Bd7 17.Bc1 a5 18.Qd1 Nf6 19.b3 Nxe4 20.Bxe4 Nd4 21.Bb2 Rxf1+ 22.Rxf1 Qe7
23.Re1 Rf8 24.Bg2 Qf6 25.Re4 Nf3+ 26.Kh1 Qf5 27.Bxg7+ Kxg7 28.Qe2 Qh5 29.h4 g5
30.Ne1 Bg4 31.Bxf3 Bxf3+ 32.Nxf3 Qxf3+ 33.Qxf3 Rxf3 34.Kg2 Rf7 35.hxg5 hxg5
36.Kh3 Kf8 37.Re2 Re7 38.Re6 Kf7 39.Kg4 Rxe6 40.dxe6+ Kxe6 41.Kxg5 Ke5 42.g4 c6
43.Kh6 d5 44.g5 d4 45.g6 d3 46.g7 d2 47.g8=Q d1=Q 48.Qe8+ Kf6 49.Qf8+ Ke6
50.Qe8+  1/2-1/2

[Event "Kstovo (Women)"]
[Site "Kstovo"]
[Date "1998.??.??"]
[Round "?"]
[White "Matveeva, Svetlana"]
[Black "Eidelson, Rakhil"]
[Result "1-0"]
[WhiteElo "2460"]
[BlackElo "2325"]

1.d4 Nf6 2.Nf3 g6 3.c4 Bg7 4.g3 O-O 5.Bg2 d6 6.O-O Nbd7 7.Nc3 e5 8.e4 a6
9.Qc2 Re8 10.Rd1 c6 11.dxe5 dxe5 12.c5 Qc7 13.Na4 Rb8 14.Be3 Nf8 15.h3 Be6
16.Nb6 h6 17.Nd2 N6d7 18.Nbc4 Bxc4 19.Nxc4 Ne6 20.Nd6 Rf8 21.b4 Nd4 22.Bxd4 exd4
23.Rac1 b6 24.f4 bxc5 25.bxc5 Rb4 26.a3 d3 27.Rxd3 Bd4+ 28.Kh1 Nxc5 29.axb4 Nxd3
30.Qxc6 Qxc6 31.Rxc6 Rb8 32.Bf1 Nxb4 33.Rc7 Bb6 34.Rxf7 Bc5 35.Bc4 Bxd6 36.Rd7+ Kf8
37.Rxd6 Rc8 38.Bxa6 Rc1+ 39.Kg2 Kf7 40.e5 Rc3 41.Be2 Nc2 42.Kf2 Nb4 43.Rd7+ Kf8
44.Bb5 Rc5 45.Bd3 g5 46.Be4 h5 47.h4 Rc4 48.Bg6 gxf4 49.Rf7+ Kg8 50.gxf4 Nd5
51.Kf3 Rc6 52.Bxh5 Rh6 53.Rd7  1-0

[Event "Kstovo (Women)"]
[Site "Kstovo"]
[Date "1998.??.??"]
[Round "?"]
[White "Matveeva, Svetlana"]
[Black "Kovalevskaya, Ekaterina"]
[Result "0-1"]
[WhiteElo "2460"]
[BlackElo "2390"]

1.d4 Nf6 2.c4 d6 3.Nf3 g6 4.g3 Bg7 5.Bg2 O-O 6.O-O Nbd7 7.Nc3 e5 8.e4 exd4
9.Nxd4 Re8 10.h3 Nc5 11.Re1 a5 12.Qc2 Bd7 13.Be3 Qc8 14.g4 h5 15.f3 c6 16.Rad1 hxg4
17.hxg4 Be6 18.b3 Qc7 19.Nde2 Nfd7 20.g5 a4 21.Bd4 axb3 22.axb3 Qb6 23.Bxg7 Kxg7
24.Nd4 Ne5 25.f4 Bg4 26.Nce2 Ned7 27.Kh2 f6 28.Kg3 Bh5 29.Rh1 Bxe2 30.Nxe2 Ra3
31.Rxd6 Qxb3+ 32.Qxb3 Rxb3+ 33.Kf2 fxg5 34.f5 Nf6 35.Rxf6 Kxf6 36.Rh6 Nxe4+
37.Bxe4 Rxe4  0-1

[Event "Leuven ASLK"]
[Site "Leuven"]
[Date "1998.??.??"]
[Round "8"]
[White "Van Haastert, Edwin"]
[Black "Geenen, Marc"]
[Result "1-0"]
[WhiteElo "2335"]
[BlackElo "2325"]

1.d4 Nf6 2.c4 g6 3.g3 Bg7 4.Bg2 O-O 5.Nf3 d6 6.O-O Nbd7 7.Qc2 e5 8.Rd1 Re8
9.Nc3 e4 10.Ne1 Qe7 11.Bg5 h6 12.Nd5 Qd8 13.Bxf6 Nxf6 14.Nxf6+ Qxf6 15.Bxe4 c5
16.e3 Re7 17.Rd2 Bg4 18.dxc5 dxc5 19.f3 Rae8 20.Rf2 Bc8 21.Nd3 g5 22.Re1 Qd6
23.Rd2 Qb6 24.Nf2 g4 25.fxg4 Bxg4 26.Bh7+  1-0

[Event "Miercurea Ciuc op"]
[Site "Miercurea Ciuc"]
[Date "1998.??.??"]
[Round "8"]
[White "Gheng, Josef"]
[Black "Sofronie, Iulian"]
[Result "0-1"]
[WhiteElo "2350"]
[BlackElo "2405"]

1.d4 Nf6 2.c4 g6 3.Nf3 Bg7 4.g3 d6 5.Bg2 O-O 6.Nc3 Nc6 7.O-O e5 8.h3 Nd7
9.Bg5 f6 10.Be3 Re8 11.Qd2 Nf8 12.Rfd1 e4 13.Nh2 f5 14.Bg5 Qd7 15.d5 Ne5
16.b3 Nf7 17.Be3 c5 18.dxc6 bxc6 19.f3 Qe7 20.Nf1 exf3 21.exf3 Ne6 22.f4 Bb7
23.Rac1 h6 24.Kh2 h5 25.Qf2 a6 26.Re1 Qf6 27.Na4 g5 28.Rc2 Re7 29.Rce2 Rae8
30.Nb6 gxf4 31.gxf4 h4 32.Bc1 Qh6 33.Rd1 Bf6 34.Kh1 Nc5 35.Rxe7 Rxe7 36.Ba3 Ne4
37.Bxe4 Rxe4 38.Bxd6 c5 39.Qg2+ Qg7 40.Nd5 Qxg2+ 41.Kxg2 Bd4 42.Bc7 Re7 43.Ba5 Re2+
44.Kh1 Rxa2 45.Be1 Nd6 46.Nd2 a5 47.Rb1 Be3 48.Nf3 Kg7 49.Ng5 Kg6 50.Bxh4 Bxf4
51.Nf3 Be3 52.Be7 Ne4 53.Nh4+ Kh5 54.Nxf5 Nc3 55.Nxe3 Nxb1 56.Bxc5 Nd2 57.Kg1 Bc8
58.Nc3 Nf3+  0-1

[Event "RUS-Cup02"]
[Site "Moscow"]
[Date "1998.??.??"]
[Round "1"]
[White "Vaulin, Alexander"]
[Black "Riazantsev, Alexander"]
[Result "1-0"]
[WhiteElo "2535"]
[BlackElo "2290"]

1.c4 Nf6 2.g3 g6 3.Bg2 Bg7 4.d4 O-O 5.Nf3 d6 6.O-O Nbd7 7.Nc3 e5 8.e4 c6
9.h3 Qb6 10.d5 Nc5 11.Qe2 a5 12.Be3 cxd5 13.cxd5 Bd7 14.Rfc1 Rfc8 15.Nd2 Qd8
16.b3 Ne8 17.a3 f5 18.Rab1 Nf6 19.b4 axb4 20.axb4 Ncxe4 21.Ncxe4 Nxe4 22.Nxe4 fxe4
23.Kh2 Bf6 24.Qd2 Bb5 25.Bxe4 Qd7 26.h4 Qe7 27.Kg2 Be8 28.Ra1 Qd7 29.Qe2 Bd8
30.Qf3 Qf7 31.Ra7 Qxf3+ 32.Kxf3 Rcb8 33.Rca1 Rxa7 34.Rxa7 Bb5 35.Bc2 Kf8
36.Ke4 Ke8 37.Ba4 Bxa4 38.Rxa4 Kd7 39.Ra7 Kc7 40.Ra1 Kd7 41.b5 Rc8 42.Ra7 Rb8
43.Kf3 Bf6 44.Bb6 Bd8 45.Be3 Bf6 46.Kg4 h5+ 47.Kf3 Kc7 48.b6+ Kd7 49.Bg5 Bd8
50.Bxd8 Kxd8 51.g4 Ke7 52.g5 Kd7 53.Ke4 Ke7 54.f4 exf4 55.Kxf4 Kd7 56.Ke4 Ke7
57.Kd4 Kd7 58.Kc4 Rc8+ 59.Kb4 Rb8 60.Kb5 Ke7 61.Rxb7+ Rxb7 62.Ka6 Rb8 63.Ka7 Rc8
64.b7 Rc1 65.b8=Q Ra1+ 66.Kb7 Rb1+ 67.Kc8 Rc1+ 68.Qc7+  1-0

[Event "Moscow-ch op"]
[Site "Moscow"]
[Date "1998.??.??"]
[Round "2"]
[White "Kremenietsky, Anatoly M"]
[Black "Cherniak, Anton S"]
[Result "1-0"]
[WhiteElo "2410"]
[BlackElo "2285"]

1.d4 Nf6 2.c4 g6 3.Nf3 Bg7 4.g3 O-O 5.Bg2 d6 6.O-O Nc6 7.d5 Na5 8.Nbd2 c5
9.e4 e5 10.a3 b6 11.b4 Nb7 12.Ne1 Ng4 13.h3 Nh6 14.Nd3 f5 15.f3 f4 16.g4 Nf7
17.bxc5 dxc5 18.Bb2 Nbd6 19.a4 Bd7 20.Ra2 Rc8 21.Qa1 Qf6 22.Rc1 h5 23.Nb3 hxg4
24.hxg4 Qg5 25.Nf2 Qh4 26.Nd2 Qe7 27.Nd3 Qg5 28.Ra3 Bf6 29.Nf2 Kg7 30.Nh3 Qh6
31.Rac3 Rh8 32.a5 Ng5 33.Nxg5 Qh2+ 34.Kf1 Bxg5 35.Rb3 Nf7 36.Bxe5+ Nxe5 37.Qxe5+ Bf6
38.Qd6 Rcd8 39.e5 Bh4 40.Qc7 Kh6 41.Ne4 Ba4 42.e6 Bxb3 43.Qe5 Be7 44.g5+ Kh5
45.d6 Bxd6 46.Nxd6 Rxd6 47.Qxh8+  1-0

[Event "RUS-Cup02"]
[Site "Moscow"]
[Date "1998.??.??"]
[Round "2"]
[White "Riazantsev, Alexander"]
[Black "Liberzon, Roman"]
[Result "1-0"]
[WhiteElo "2290"]
[BlackElo "2120"]

1.d4 Nf6 2.c4 g6 3.Nf3 Bg7 4.g3 O-O 5.Bg2 d6 6.O-O c5 7.d5 Na6 8.Nc3 Rb8
9.e4 e6 10.Re1 exd5 11.exd5 Bf5 12.h3 Nc7 13.a4 Na6 14.g4 Bc8 15.Bf4 h5 16.g5 Ne8
17.Qd2 Nb4 18.Ne4 b6 19.Rad1 a6 20.b3 b5 21.axb5 axb5 22.Nxc5 bxc4 23.bxc4 Bf5
24.Ne4 Bxe4 25.Rxe4 Na6 26.Nd4 Bxd4 27.Qxd4 Ng7 28.Ree1 Nf5 29.Qc3 Nc5 30.Rb1 Rxb1
31.Rxb1 Re8 32.Re1 Re7 33.Kh2 Rxe1 34.Qxe1 Nd3 35.Qd2 Nxf4 36.Qxf4 Qb6 37.h4 Qc5
38.Bf1 Qa3 39.Bh3 Ng7 40.Qf6 Qc5 41.Qf4 Qc7 42.Qe4 Qd8 43.Qe3 Qc7 44.Qe4 Qd8
45.Kg2 f5 46.Qe2 Kf7 47.Kf3 Qb6 48.Qe3 Qc7 49.Bf1 Kf8 50.Bd3 Qe7 51.Qxe7+ Kxe7
52.Bc2 Ne8 53.Kf4 Nc7 54.Bxf5 gxf5 55.Kxf5 Na6 56.Kg6 Nc5 57.f4 Nd3 58.f5 Kf8
59.Kh7 Ne5 60.g6 Ng4 61.g7+ Ke7 62.g8=Q Nf6+ 63.Kg7 Nxg8 64.Kxg8 Kf6 65.c5  1-0